Countries bigger than Russia- sudden death - Statistics

General Stats
  • This quiz has been taken 35 times
    33 since last reset
  • The average score is 5 of 6
Answers on the Grid
Answers color-coded by a green-red scale on the quiz's grid according to % correct below.
France in 1914
Uzbekistan
Argentina
Soviet Union
Canada
Russia
United States of America
Russia in 1914
China
Brazil
Kazakhstan
India
British empire
Vatican City
Sweden
United Kingdom in 1914
Khan dynasty
 
Answer Stats
Answer % Correct
Soviet Union
96%
Russia in 1914
93%
British empire
89%
France in 1914
86%
United Kingdom in 1914
86%
Khan dynasty
82%
No matching quizzes found
Score Distribution
Percent of People with Each Score
Percentile by Number Answered
Your Score History
You have not taken this quiz since the last reset